Суперсимметрия и супергравитация: пер. с англ.

Dettagli Bibliografici
Autore principale: Весс Ю. Юлиус
Altri autori: Беггер Дж. Джонатан (редактор), Огиевецкий В. И.
Riassunto:Допол. тит. лист
Lingua:russo
Pubblicazione: Москва, Мир, 1986
Soggetti:
Natura: MixedMaterials Libro
KOHA link:https://koha.lib.tpu.ru/cgi-bin/koha/opac-detail.pl?biblionumber=56177

MARC

LEADER 00000nam0a2200000 4500
001 56177
005 20231031053205.0
035 |a (RuTPU)RU\TPU\book\58986 
090 |a 56177 
100 |a 20030925d1986 km y0rusy50 ca 
101 1 |a rus 
102 |a RU 
105 |a a z 000zy 
200 1 |a Суперсимметрия и супергравитация  |e пер. с англ.  |f Ю. Весс, Дж. Беггер  |g Под ред. В. И. Огиевецкого 
210 |a Москва  |c Мир  |d 1986 
215 |a 184 с.  |c ил. 
300 |a Допол. тит. лист 
610 1 |a симметрия 
610 1 |a гравитация 
610 1 |a поля 
610 1 |a кручение 
610 1 |a связь 
610 1 |a квантовая теория поля 
675 |a 530.145.6  |v 3 
700 1 |a Весс  |b Ю.  |g Юлиус 
701 1 |a Беггер  |b Дж.  |g Джонатан 
702 1 |a Огиевецкий  |b В. И.  |4 340 
801 1 |a RU  |b 63413507  |c 20030925  |g PSBO 
801 2 |a RU  |b 63413507  |c 20141125  |g PSBO 
900 |a Введение в суперсимметрию 
942 |c BK